000 00698nam a2200289Ia 4500
005 20260324143147.0
008 008 260324s9999 xx 000 0 eng d
020 _a9781003393467
037 _aEBOOK
040 _aCRL
040 _beng
040 _cCRL
041 _2eng
041 _aeng
084 _qCRL
100 _aChris Smith; Paul Thompson
_91214609
245 0 _aLabour in Transition
245 4 _bThe Labour Process in Eastern Europe and China
260 _bTaylor and Francis
260 _c1992
365 _a
365 _b160
856 _uhttp://www.taylorfrancis.com/books/9781003393467
942 _cEBOOK
999 _c1819677
_d1819677